00485nam a2200157Ia 4500008004100000020002200041050001800063100003600081245006100117250000700178260003300185300002200218500005200240650002400292650001100316120626s9999 xx 000 0 und d a978-970-07-7730-604aK185 G85 20081 aOSORIO Y NIETO, César Augusto10aLa averiguación previacCésar Augusto Osorio y Nieto a18 aMéxicobEditorial Porrúa aXX, 634 páginas aContiene: Introducción Índice de contenido17aPROCEDIMIENTO PENAL17aCRIMEN